Leaf storm and other stories /

書誌詳細
第一著者: García Márquez, Gabriel, 1927-2014
その他の著者: Rabassa, Gregory
フォーマット: 図書
言語:English
Spanish
出版事項: New York : Harper & Row, 2005.
版:First Perennial Classics edition.
主題:
Classic Catalogue: View this record in Classic Catalogue
LEADER 01930nam a2200409 4500
001 44795
003 BD-DhAAL
005 20250922104952.0
008 720327t2005 nyu 000 1 eng
010 |a  76138784  
020 |a 006075155X 
020 |a  9780060751555 
020 |a 0060127791 
020 |a 9780060127794 
035 |a 1292249 
040 |a DLC  |c DLC  |d DLC  |d BD-DhAAL 
041 1 |a eng  |h spa 
050 0 0 |a PQ8180.17.A73  |b A27 1972 
082 0 0 |a 863.64 
100 1 |a García Márquez, Gabriel,  |d 1927-2014. 
240 1 0 |a Short stories.  |k Selections.  |l English 
245 1 0 |a Leaf storm and other stories /  |c Gabriel García Márquez ; translated from the Spanish by Gregory Rabassa. 
250 |a First Perennial Classics edition. 
260 |a New York :  |b Harper & Row,  |c 2005. 
300 |a 146 pages ;  |c 22 cm 
500 |a First Harper Colophon edition 1979.  
505 0 |a Leaf storm.--The handsomest drowned man in the world.--A very old man with enormous wings.--Blacamán the Good, vendor of miracles.--The last voyage of the ghost ship.--Monologue of Isabel watching it rain in Macondo.--Nabo. 
541 |a Donated by Farhana Zahir (Assistant Professor, BBS, BRAC University)  |e 44795 
600 1 0 |a García Márquez, Gabriel,  |d 1927-2014  |v Translations into English.  |9 59048 
650 0 |a Macondo (Imaginary place)  |v Fiction.  |9 26583 
650 0 |a Spanish literature  |v Translations into English.   |9 59333 
655 7 |a Fiction. 
700 1 |a Rabassa, Gregory.  |9 26586 
852 |a Ayesha Abed Library  |c General Stacks 
942 |2 ddc  |c BK 
999 |c 47542  |d 47542 
952 |0 0  |1 0  |2 ddc  |4 0  |6 863_640000000000000_GAR  |7 0  |9 78196  |a BRACUL  |b BRACUL  |c NEW  |d 2025-09-15  |e Donated by Farhana Zahir (Assistant Professor, BBS, BRAC University)  |g 1460.48  |l 4  |m 16  |o 863.64 GAR  |p 3010044795  |q 2026-06-02  |r 2026-05-18  |s 2026-05-18  |t 1  |v 2920.00  |w 2025-09-15  |y BK  |x Donated by Farhana Zahir (Assistant Professor, BBS, BRAC University); $12